Palindrome - Mort Subite - Statistiques

Statistiques générales
  • Ce quiz a été pris 1 196 fois
    1 088 depuis la dernière actualisation
  • Le résultat moyen est 15 sur 20
Answers on the Grid
Answers color-coded by a green-red scale on the quiz's grid according to % correct below.
Kayak
Radar
Rotor
Laval
Elle
Eue
sexes
xanax
été
alla
Engage le jeu que je le gagne
Émile nu a une lime
Élucide l'édicule
Ta fesse n'a le désir irisé de l'ânesse, fat
À Laval, elle l'avala
Suce ses écus
Lune de ma dame d'été, été de ma dame de nul
Ressasser
Abat
À l'étage, je t'attends
À ma mère et mon papa, merci
Tu resserres le verre
Il a la classe à la salle
Nul ne parle d'elle par là-bas
Relier
Malayalam
Lola danse à Paris, et Paris est à Lola
Elle va vers Laval, Laval vers va-t-elle ?
Eric a ri de rire à Cire
Rototo
Elles lisent et se lisent-elles ?
Léon aime Noël, mais Noël aime-t-il Léon ?
Palalap
Balais
Espace
Damas
 
Statistiques - réponses
Réponse % Correct
Elle
83%
été
82%
Laval
81%
alla
80%
Kayak
80%
Radar
80%
xanax
80%
Eue
77%
sexes
77%
Rotor
76%
Palalap
75%
Ressasser
72%
Suce ses écus
71%
Malayalam
69%
Émile nu a une lime
65%
À Laval, elle l'avala
64%
Élucide l'édicule
63%
Lune de ma dame d'été, été de ma dame de nul
62%
Ta fesse n'a le désir irisé de l'ânesse, fat
61%
Engage le jeu que je le gagne
58%
Aucun quiz correspondant
Distribution des résultats
% des personnes avec chaque résultat
Percentile par nombre de réponses
Votre historique - résultats
Vous n’avez pas pris ce quiz depuis la dernière actualisation